Critical human resource development : (Record no. 27795)
[ view plain ]
| 000 -LEADER | |
|---|---|
| fixed length control field | 01587cam a22003495i 4500 |
| 001 - CONTROL NUMBER | |
| control field | 14462684 |
| 003 - CONTROL NUMBER IDENTIFIER | |
| control field | EG-ScBUE |
| 005 - DATE AND TIME OF LATEST TRANSACTION | |
| control field | 20191204151153.0 |
| 008 - FIXED-LENGTH DATA ELEMENTS--GENERAL INFORMATION | |
| fixed length control field | 060721s2007 enka f b 001 0 eng d |
| 020 ## - INTERNATIONAL STANDARD BOOK NUMBER | |
| International Standard Book Number | 9780273705598 (alk. paper) |
| 020 ## - INTERNATIONAL STANDARD BOOK NUMBER | |
| International Standard Book Number | 0273705598 (alk. paper) |
| 035 ## - SYSTEM CONTROL NUMBER | |
| System control number | (OCoLC)ocm70698996 |
| 040 ## - CATALOGING SOURCE | |
| Original cataloging agency | DLC |
| Language of cataloging | eng |
| Description conventions | rda |
| Transcribing agency | DLC |
| Modifying agency | BAKER |
| -- | BWKUK |
| -- | YDXCP |
| -- | OCLCQ |
| -- | DLC |
| -- | EG-ScBUE |
| 082 04 - DEWEY DECIMAL CLASSIFICATION NUMBER | |
| Classification number | 658.3 |
| Item number | CRI |
| Edition number | 22 |
| 245 00 - TITLE STATEMENT | |
| Title | Critical human resource development : |
| Remainder of title | beyond orthodoxy / |
| Statement of responsibility, etc | edited by Dr. Clare Rigg, Professor Jim Stewart, Professor Kiran Trehan. |
| 264 #1 - PUBLICATION, DISTRIBUTION, ETC. (IMPRINT) | |
| Place of publication, distribution, etc | Harlow, England : |
| Name of publisher, distributor, etc | Prentice Hall / Financial Times / Pearson Education, |
| Date of publication, distribution, etc | 2007. |
| 300 ## - PHYSICAL DESCRIPTION | |
| Extent | x, 297 pages : |
| Other physical details | illustrations ; |
| Dimensions | 24 cm |
| 336 ## - CONTENT TYPE | |
| Content type term | text |
| Content type code | txt |
| Source | rdacontent |
| 337 ## - MEDIA TYPE | |
| Media type term | unmediated |
| Media type code | n |
| Source | rdamedia |
| 338 ## - CARRIER TYPE | |
| Carrier type term | volume |
| Carrier type code | nc |
| Source | rdacarrier |
| 504 ## - BIBLIOGRAPHY, ETC. NOTE | |
| Bibliography, etc | Includes bibliographical references and index. |
| 520 ## - SUMMARY, ETC. | |
| Summary, etc | Focuses on organisational goals and those of other stakeholders and society at large. This book provides an insight into the potential benefits and pitfalls, expectations and concerns of advancing a critical view of HRD in practice. It is intended for lecturers, students and practitioners who are aching for a critical analysis. |
| 650 #7 - SUBJECT ADDED ENTRY--TOPICAL TERM | |
| Topical term or geographic name as entry element | Personnel management. |
| Source of heading or term | BUEsh |
| 650 #7 - SUBJECT ADDED ENTRY--TOPICAL TERM | |
| Topical term or geographic name as entry element | Human capital. |
| Source of heading or term | BUEsh |
| 9 (RLIN) | 36895 |
| 650 #7 - SUBJECT ADDED ENTRY--TOPICAL TERM | |
| Topical term or geographic name as entry element | Employees |
| General subdivision | Training of |
| Source of heading or term | BUEsh |
| 9 (RLIN) | 33927 |
| 653 ## - INDEX TERM--UNCONTROLLED | |
| Resource For college | BAEPS, Business Administration |
| Arrived date list | November2019 |
| 655 ## - INDEX TERM--GENRE/FORM | |
| Form subdivision | Reading book |
| 700 1# - ADDED ENTRY--PERSONAL NAME | |
| Personal name | Stewart, Jim, |
| Dates associated with a name | 1952- |
| Relator term | editor. |
| 700 1# - ADDED ENTRY--PERSONAL NAME | |
| Personal name | Rigg, Clare, |
| Relator term | editor. |
| 700 1# - ADDED ENTRY--PERSONAL NAME | |
| Personal name | Trehan, Kiran, |
| Relator term | editor. |
| 942 ## - ADDED ENTRY ELEMENTS (KOHA) | |
| Source of classification or shelving scheme | Dewey Decimal Classification |
| Koha item type | Book - Borrowing |
| Withdrawn status | Lost status | Source of classification or shelving scheme | Damaged status | Not for loan | Collection code | Home library | Current library | Shelving location | Date acquired | Source of acquisition | Cost, normal purchase price | Total Checkouts | Full call number | Barcode | Date last seen | Cost, replacement price | Price effective from | Koha item type |
|---|---|---|---|---|---|---|---|---|---|---|---|---|---|---|---|---|---|---|
| Dewey Decimal Classification | Baccah | Central Library | Central Library | First floor | 21/11/2019 | Purchase | 1750.00 | 658.3 CRI | 000048276 | 15/07/2025 | 2187.50 | 21/11/2019 | NB - Book (Non borrowing) | |||||
| Dewey Decimal Classification | Baccah | Central Library | Central Library | First floor | 21/11/2019 | Purchase | 1750.00 | 658.3 CRI | 000048277 | 15/07/2025 | 2187.50 | 21/11/2019 | Book - Borrowing |